[Event "ROM-ch U12"]
[Site "Calimanesti Caciulata"]
[Date "2016.04.18"]
[Round "1"]
[White "Costin, Alexandru"]
[Black "Popescu, Alin"]
[Result "1-0"]
[WhiteElo "1681"]
[BlackElo "1192"]
[PlyCount "51"]
[EventDate "2016.04.18"]
[EventType "swiss"]
[EventRounds "9"]
[EventCountry "ROU"]
[SourceTitle "CBM 172 Extra"]
[Source "ChessBase"]
[SourceDate "2016.06.21"]
[SourceVersion "1"]
[SourceVersionDate "2016.06.21"]
[SourceQuality "1"]

1. d4 d5 2. Nf3 Nc6 3. c4 e6 4. Nc3 Nf6 5. Bg5 h6 6. Bxf6 Qxf6 7. cxd5 exd5 8. Nxd5 Qd6 9. Nc3 Bg4 10. e3 0-0-0 11. Be2 Bxf3 12. Bxf3 g6 13. Qd2 Bg7 14. Nb5 Qe6 15. Qe2 a6 16. d5 Qe5 17. dxc6 Qxb5 18. Qxb5 axb5 19. cxb7+ Kb8 20. Rb1 Rhe8 21. 0-0 Rd6 22. Rfc1 Ree6 23. Rc2 c6 24. Rbc1 Kxb7 25. Rc5 Bxb2 26. Rxb5+ 1-0

[Event "ROM-ch U10"]
[Site "Calimanesti"]
[Date "2015.04.05"]
[Round "8"]
[White "Popescu, Alin"]
[Black "Chira, Vlad Alexandru"]
[Result "1/2-1/2"]
[WhiteElo "1001"]
[BlackElo "1154"]
[PlyCount "66"]
[EventDate "2015.03.30"]
[EventType "swiss"]
[EventRounds "9"]
[EventCountry "ROU"]
[SourceTitle "CBM 165 Extra"]
[Source "ChessBase"]
[SourceDate "2015.04.21"]
[SourceVersion "1"]
[SourceVersionDate "2015.04.21"]
[SourceQuality "1"]

1. e4 e5 2. Nf3 Nc6 3. Bc4 Nf6 4. d3 Bb4+ 5. Nc3 Nd4 6. a3 Bxc3+ 7. bxc3 Nxf3+ 8. Qxf3 d6 9. g4 Bxg4 10. Qg3 Qd7 11. h3 h5 12. hxg4 Qxg4 13. Qxg4 Nxg4 14. Rg1 Ke7 15. f3 Nf6 16. Rxg7 Raf8 17. Bg5 h4 18. Bxf6+ Kxf6 19. Rg2 h3 20. Rh2 Rfg8 21. Kf2 a6 22. Rg1 Rxg1 23. Kxg1 b5 24. Bd5 Kg6 25. Kf2 f5 26. exf5+ Kxf5 27. Kg3 c5 28. c4 b4 29. a4 a5 30. Bc6 Rh6 31. Bd7+ Kf6 32. Bxh3 Rh7 33. Kf2 Rb7 1/2-1/2

[Event "ROM-ch U10"]
[Site "Calimanesti"]
[Date "2014.04.06"]
[Round "1"]
[White "Oprea, Rares Andrei"]
[Black "Popescu, Alin"]
[Result "1-0"]
[WhiteElo "1277"]
[BlackElo "1001"]
[PlyCount "69"]
[EventDate "2014.04.06"]
[EventType "swiss"]
[EventRounds "9"]
[EventCountry "ROU"]
[SourceTitle "CBM 160 Extra"]
[Source "ChessBase"]
[SourceDate "2014.07.01"]
[SourceVersion "1"]
[SourceVersionDate "2014.07.01"]
[SourceQuality "1"]

1. e4 e5 2. Nf3 Nc6 3. Bc4 Bc5 4. c3 Nf6 5. d4 d6 6. dxc5 dxc5 7. Qxd8+ Nxd8 8. 0-0 Nxe4 9. Nxe5 0-0 10. Nd2 Nxd2 11. Bxd2 Bf5 12. h3 h6 13. Be3 b6 14. Rad1 Re8 15. Nf3 Ne6 16. Bxe6 Rxe6 17. Rfe1 g5 18. g4 Be4 19. Nh2 c4 20. f3 Bg6 21. Bd4 Rxe1+ 22. Rxe1 c5 23. Bf6 b5 24. Re5 Rc8 25. a3 a5 26. Be7 Re8 27. Bd6 Rxe5 28. Bxe5 b4 29. axb4 axb4 30. Bd6 bxc3 31. bxc3 Bd3 32. Kf2 f5 33. gxf5 Bxf5 34. Ng4 h5 35. Nh6+ 1-0